The "Scottish outdoor access code" public consultation (Record no. 72678)

MARC details
000 -LEADER
fixed length control field 01886cam a2200265 4500
001 - CONTROL NUMBER
control field ABS66737
008 - FIXED-LENGTH DATA ELEMENTS--GENERAL INFORMATION
fixed length control field 111208n2003 000 0 eng u
035 ## - SYSTEM CONTROL NUMBER
System control number (Sirsi) u122294
245 #4 - TITLE STATEMENT
Title The "Scottish outdoor access code" public consultation
260 ## - PUBLICATION, DISTRIBUTION, ETC.
Date of publication, distribution, etc. 2003
490 ## - SERIES STATEMENT
Series statement Landowning in Scotland
Volume/sequential designation (274) April/May 2003, 11(1)
520 ## - SUMMARY, ETC.
Summary, etc. The Land Reform (Scotland) Act 2003 has established rights of access to land and inland water in Scotland for passage, recreational and educational activities and certain commercial activities. The Act goes on to explain the need for access rights and land management to be carried out responsibly. Scottish Natural Heritage (SNH) published a draft "Scottish outdoor access code" for public consultation in order to outline what responsible behaviour is and to provide a point of reference. Responses are invited on the draft document, to be received by 20 June 2003. Urges landowners and managers to read and respond to the draft documentation and the particular areas SNH want commented on. Outlines the aim of the code, its principles and areas of special interest to landowners and managers. Copies of the code are available from [email protected] or Bridget Dales, SNH, Battleby, Redgorton, Perth PH1 3EW; t +44 (0)1738 444177.
590 ## - LOCAL NOTE (RLIN)
Local note ABS
650 ## - SUBJECT ADDED ENTRY--TOPICAL TERM
Topical term or geographic name entry element LAND REFORM (SCOTLAND) ACT 2003
650 ## - SUBJECT ADDED ENTRY--TOPICAL TERM
Topical term or geographic name entry element RIGHTS OF WAY
650 ## - SUBJECT ADDED ENTRY--TOPICAL TERM
Topical term or geographic name entry element SCOTLAND
650 ## - SUBJECT ADDED ENTRY--TOPICAL TERM
Topical term or geographic name entry element ACCESS TO LAND
650 ## - SUBJECT ADDED ENTRY--TOPICAL TERM
Topical term or geographic name entry element COUNTRYSIDE
650 ## - SUBJECT ADDED ENTRY--TOPICAL TERM
Topical term or geographic name entry element PUBLIC CONSULTATIONS
650 ## - SUBJECT ADDED ENTRY--TOPICAL TERM
Topical term or geographic name entry element SCOTTISH OUTDOOR ACCESS CODE
690 ## - LOCAL SUBJECT ADDED ENTRY--TOPICAL TERM (OCLC, RLIN)
Topical term or geographic name as entry element PROPERTY
856 40 - ELECTRONIC LOCATION AND ACCESS
Uniform Resource Identifier <a href="https://www.outdooraccess-scotland.com/">https://www.outdooraccess-scotland.com/</a>
Public note View the Scottish Outdoor Access Code free of charge at www.outdooraccess-scotland.com
856 40 - ELECTRONIC LOCATION AND ACCESS
Uniform Resource Identifier <a href="https://www.legislation.gov.uk/asp/2003/2/contents">https://www.legislation.gov.uk/asp/2003/2/contents</a>
Public note View the Land Reform Act (Scotland) Act 2003 free of charge at www.legislation.gov.uk
942 ## - ADDED ENTRY ELEMENTS (KOHA)
Suppress in OPAC 0
Holdings
Withdrawn status Lost status Source of classification or shelving scheme Damaged status Not for loan Home library Current library Shelving location Date acquired Total Checkouts Full call number Barcode Date last seen Copy number Price effective from Koha item type
    Dewey Decimal Classification     London London Journal article 15/05/2003   ABS66737 122294-1001 06/08/2019 1 06/08/2019 Journal article